Normal view
MARC view
Entry Topical Term
001 - CONTROL NUMBER
- control field: 84175
003 - CONTROL NUMBER IDENTIFIER
- control field: OSt
005 - DATE AND TIME OF LATEST TRANSACTION
- control field: 20230406110424.0
008 - FIXED-LENGTH DATA ELEMENTS
- fixed length control field: 230406|| aca||aabn | a|a d
040 ## - CATALOGING SOURCE
- Original cataloging agency: OSt
- Transcribing agency: OSt
150 ## - HEADING--TOPICAL TERM
- Topical term or geographic name entry element: Income Tax
670 ## - SOURCE DATA FOUND
- Source citation: Work cat.: (OSt)169271: MEHROTRA (H C);GOYAL (S P) 84174, Problems and solutions in income tax: including short questions 2018-19 Ed 34, 2018